Flintstones Characters by Image Quiz Stats

 Plays Quiz Updated Jul 9, 2015

Challenge
Share
Tweet
Score 0/10 Timer 02:00
0 Plays Today
Column and Row Character % Correct
Fred
99.4%
Wilma
96.5%
Barney
95.6%
Bamm-Bamm
94.7%
Dino
94.6%
Pebbles
91.1%
Betty
89.6%
Mr. Slate
50.9%
The Great Gazoo
35.7%
Hoppy
23.1%

You're not logged in!

Compare scores with friends on all Sporcle quizzes.
OR
Log In

You Might Also Like...

Show Comments

Extras

Top Quizzes Today


Score Distribution

Your Account Isn't Verified!

In order to create a playlist on Sporcle, you need to verify the email address you used during registration. Go to your Sporcle Settings to finish the process.

Report this User

Report this user for behavior that violates our Community Guidelines.

Details: